00366 a2200133 4500003000400000005001700004008004100021020001500062040000600077100001700083245010400100260002000204300000800224OSt20180116182729.0160427b xxu||||| |||| 00| 0 eng d a8131700038 c0 aRichard John aIntegrative leadership building a foundation for personal interpersonal and organizaiton al success aNew Delhic2005 a366